Disability Discrimination Act 1995 (Record no. 85431)
[ view plain ]
| 000 -LEADER | |
|---|---|
| fixed length control field | 01465cam a2200337 4500 |
| 001 - CONTROL NUMBER | |
| control field | J122868 |
| 008 - FIXED-LENGTH DATA ELEMENTS--GENERAL INFORMATION | |
| fixed length control field | 030702n2003 000 0 eng u |
| 035 ## - SYSTEM CONTROL NUMBER | |
| System control number | (Sirsi) u122868 |
| 041 ## - LANGUAGE CODE | |
| Language code of text/sound track or separate title | eng |
| 041 ## - LANGUAGE CODE | |
| Language code of text/sound track or separate title | eng |
| 041 ## - LANGUAGE CODE | |
| Language code of text/sound track or separate title | eng |
| 050 ## - LIBRARY OF CONGRESS CALL NUMBER | |
| Classification number | 346.41013 |
| -- | 18 |
| 100 ## - MAIN ENTRY--PERSONAL NAME | |
| Personal name | Land, Howard |
| 245 ## - TITLE STATEMENT | |
| Title | Disability Discrimination Act 1995 |
| Remainder of title | update 2003 |
| Medium | [sound recording] |
| 260 ## - PUBLICATION, DISTRIBUTION, ETC. | |
| Place of publication, distribution, etc. | London |
| Name of publisher, distributor, etc. | RICS |
| Date of publication, distribution, etc. | 2003 |
| 300 ## - PHYSICAL DESCRIPTION | |
| Extent | 1 audio CD (ca. 60 min.) |
| 490 ## - SERIES STATEMENT | |
| Series statement | Owlion Audio Programme |
| 520 ## - SUMMARY, ETC. | |
| Summary, etc. | A new Owlion CD considering various aspects of the Disability Discrimination Act 1995 and including a detailed examination of the reasonable response in respect to surveyors' duty of care to both clients and employees. Warns that any misunderstanding of the requirements of the Act could lead to expensive liability cases and claims against professional indemnity. |
| 650 ## - SUBJECT ADDED ENTRY--TOPICAL TERM | |
| Topical term or geographic name entry element | MANAGEMENT-BUSINESS MANAGEMENT-DISCRIMINATION-DISABILITY DISCRIMINATION-ACCESSIBILITY |
| 650 ## - SUBJECT ADDED ENTRY--TOPICAL TERM | |
| Topical term or geographic name entry element | DISABILITY DISCRIMINATION ACT 1995 |
| 650 ## - SUBJECT ADDED ENTRY--TOPICAL TERM | |
| Topical term or geographic name entry element | SURVEYORS' DUTY OF CARE |
| 650 ## - SUBJECT ADDED ENTRY--TOPICAL TERM | |
| Topical term or geographic name entry element | SURVEYORS' LIABILITIES |
| 690 ## - LOCAL SUBJECT ADDED ENTRY--TOPICAL TERM (OCLC, RLIN) | |
| Topical term or geographic name as entry element | MANAGEMENT-BUSINESS MANAGEMENT-PROFESSIONAL PRACTICE |
| 700 ## - ADDED ENTRY--PERSONAL NAME | |
| Personal name | Rouge, Elizabeth |
| 700 ## - ADDED ENTRY--PERSONAL NAME | |
| Personal name | King, Vivien |
| 700 ## - ADDED ENTRY--PERSONAL NAME | |
| Personal name | Smith, Neil |
| 710 ## - ADDED ENTRY--CORPORATE NAME | |
| Corporate name or jurisdiction name as entry element | College of Estate Management |
| 9 (RLIN) | 400 |
| 710 ## - ADDED ENTRY--CORPORATE NAME | |
| Corporate name or jurisdiction name as entry element | Royal Institution of Chartered Surveyors |
| 9 (RLIN) | 4900 |
| 710 ## - ADDED ENTRY--CORPORATE NAME | |
| Corporate name or jurisdiction name as entry element | Royal Institution of Chartered Surveyors |
| Subordinate unit | Faculties and Forums |
| 9 (RLIN) | 4495 |
| 942 ## - ADDED ENTRY ELEMENTS (KOHA) | |
| Suppress in OPAC | 0 |
| Withdrawn status | Lost status | Source of classification or shelving scheme | Damaged status | Not for loan | Home library | Current library | Shelving location | Date acquired | Cost, normal purchase price | Total Checkouts | Full call number | Barcode | Date last seen | Date last checked out | Copy number | Cost, replacement price | Price effective from | Koha item type |
|---|---|---|---|---|---|---|---|---|---|---|---|---|---|---|---|---|---|---|
| Other/Generic Classification Scheme | London | London | Enquiry desk | 07/07/2003 | 15.00 | 22 | BASEMENT 7 | 30067339 | 06/08/2019 | 22/04/2009 | 1 | 15.00 | 06/08/2019 | Audio | ||||
| Other/Generic Classification Scheme | London | London | Enquiry desk | 07/07/2003 | 15.00 | 16 | BASEMENT 7 | 30067304 | 06/08/2019 | 02/04/2009 | 2 | 15.00 | 06/08/2019 | Audio | ||||
| Other/Generic Classification Scheme | London | London | Enquiry desk | 18/02/2004 | 15 | BASEMENT 7 | 30067302 | 06/08/2019 | 22/06/2006 | 5 | 06/08/2019 | Audio |